🌍Pays avec le plus de frontières terrestres distinctes - Statistiques

Statistiques générales
  • Ce quiz a Ă©tĂ© pris 64 fois
  • Le rĂ©sultat moyen est 14 sur 24
Statistiques - réponses
Nombre de frontières Pays % Correct
16 Russie
97%
17 Chine
94%
14 France
90%
10 Brésil
87%
15 Allemagne
84%
10 Inde
83%
10 République Démocratique du Congo
79%
8 Suisse
68%
9 Autriche
67%
8 Iran
65%
8 Royaume-Uni
59%
9 Turquie
59%
8 Ukraine
56%
8 Arabie Saoudite
52%
9 Espagne
51%
33 Pays-Bas
51%
9 Serbie
48%
39 Belgique
41%
8 Zambie
33%
11 Ouzbékistan
27%
8 Tanzanie
25%
11 Kirghizistan
21%
11 AzerbaĂŻdjan
14%
9 Arménie
13%
Aucun quiz correspondant
Distribution des résultats
% des personnes avec chaque résultat
Percentile par nombre de réponses
Votre historique - résultats
Vous n’avez pas pris ce quiz